| 000 | 01342nam a2200241Ia 4500 | ||
|---|---|---|---|
| 003 | Ost | ||
| 005 | 20260507075703.0 | ||
| 008 | 260507s9999||||xx |||||||||||||| ||und|| | ||
| 020 | _a9789931782392 | ||
| 040 | _cfsecg | ||
| 041 | _aara | ||
| 082 | _a519.53 | ||
| 100 |
_aحاشي، نوري _eمؤلف |
||
| 245 | 0 |
_aالأساليب الكمية وتطبيقاتها في العلوم الاقتصادية : _bمسائل وتمارين محلولة / _c نوري حاشي |
|
| 260 |
_aالجزائر: _bالنشر الجامعي الجديد, _c2021 |
||
| 300 |
_a324 صفحة؛ _bإيضاحات ؛ _c24 سم |
||
| 504 | _aمراجع ص.325-327 ملاحق ص.329-334 | ||
| 520 | _a-مدخل للاحصاء الوصفي،عرض البيانات الاحصائية ،مع أنواع الصفات أو المتغيرات والجداول الاحصائية مع التمثيل البياني،ومقاييس النزعة المركزية مع الوسط أو المتوسط الحسابي ،والمتوسط الهندسي ،وكذلك مقاييس التشتت والشكل ،بما فيه المدى العام والمدى الربيعي والانحراف | ||
| 653 | _aالاحتمالات(رياضيات) | ||
| 653 | _aالاحصاء الوصفي | ||
| 700 |
_aالعقاب، محمد _eمؤلف ثانوي |
||
| 942 | _cكتاب | ||
| 999 |
_c45860 _d45860 |
||